Score 0/24 Timer 03:00
0 Plays Today
Clue 4-Letter Word % Correct
Tropical drink ___ coladaPIÑA
97.3%
'Yours, _____, and Ours'MINE
97%
63,360 inchesMILE
95.9%
An evergreen treePINE
95.9%
River stretching from East Africa to the MediterraneanNILE
95.7%
Number of Muses in Greek mythologyNINE
94.3%
To createMAKE
92.3%
Reveal a secretTELL
92.1%
Unspicy, like salsaMILD
91.5%
Self-defense sprayMACE
91.2%
A blue green colorTEAL
90.8%
*CTU Traitor Myers (Sarah Clarke)*NINA
89.6%
Clue 4-Letter Word % Correct
The base of a window settingSILL
89.1%
Element that perceives and thinksMIND
88.7%
Prepare soil for farmingTILL
88.4%
*_____ Novick (Jude Ciccolella)*MIKE
87.7%
*_____ Bauer (Kiefer Sutherland)*JACK
87.3%
Type of truckMACK
86.2%
A farm building for holding grainSILO
85.9%
Place value between ones and hundredsTENS
83.6%
Pekoe, Russian Caravan and English Breakfast, e.g.TEAS
83.2%
*___ Pressman (Eric Balfour)*MILO
81.6%
Tennessee Ernie Ford's 'Sixteen ___'TONS
53.3%
*___ Almeida (Carlos Bernard)*TONY
45.2%

Today's Daily Dose

Missing Word
'T' Pairs

Word Ladder
Game Pieces

Get the Picture
Baseball Movies

Remove Ads.
Support Sporcle.
Get the best of Sporcle when you Go Orange. This ad-free experience offers more features, more stats, and more fun while also helping to support Sporcle. Thank you for becoming a member.

You're not logged in!

Compare scores with friends on all Sporcle quizzes.
OR
Log In

Show Comments

Extras

Top Quizzes Today


Score Distribution

Your Account Isn't Verified!

In order to create a playlist on Sporcle, you need to verify the email address you used during registration. Go to your Sporcle Settings to finish the process.

Report this User

Report this user for behavior that violates our Community Guidelines.

Details: